000 01489nam0a2200337 4500
001 RU\NLR\bibl\1115070
005 20260406065956.0
010 _a5-9761-0008-2
_91000
035 _a(NLR Aleph) 001102078
090 _a1184642
_c1184642
100 _a20070806d2006 |||y0rusy50 ca
101 0 _arus
102 _aRU
105 _aa |||||||||
200 1 _aИнфекционный процесс
_eклинические и патофизиологические аспекты
_eучебное пособие
_fН.А. Гавришева, Т.В. Антонова
210 _aСанкт-Петербург
_cЭЛБИ-СПб
_d2006
215 _a281, [1] с.
_cил.
_d21
300 _aНа обороте тит. л. авт.: Гавришева Н.А., проф., д.м.н., Антонова Т.В., проф., д.м.н.
320 _aБиблиогр.: с. 275-276 (28 назв.)
320 _aПредм. указ.: с. 277-279
606 1 _aИнфекционный процесс
_jУчебные издания
_91073150
_3RU\NLR\auth\6699681
686 _aР265.5я7
686 _aР514-2я7
700 1 _aГавришева
_bН. А.
_gНаталья Алексеевна
_4070
701 1 _4070
_8rus
_7ca
_aАнтонова
_bТ.В.
_cд-р мед. наук
_gТамара Васильевна
_3RU\NLR\auth\7715366
_9125021
801 0 _aRU
_bNLR
_c20070806
_gRCR
801 1 _aRU
_bNLR
_c20070806
830 _aавт. по кн.
942 _cBOOK
980 _aNB